000 00923na a2200301 4500
001 15023
003 MIRAKIL
005 20181213155218.0
008 160917b tu 000 0
020 _a9754067244
035 _a15023
040 _aMilas
_btur
_cTR-AnCHP
082 _a956.93 Özkan,M.N.
_bB56m 2001
090 _a956.93 Özkan,M.N. B56m 2001
100 _aBirinci, Ergin M.
245 _aM. Necati Özkan (1899-1970)
_bIV.cilt
_cErgin M.Birinci;derleyen Ahmet Necati Özkan
246 _aIV.cilt
260 _aİstanbul
_bCem yayınevi
_c2001
300 _a451 s.
_bres.
_c23 sm.
500 _aKütüphanemizde 3.cilt de bulunmaktadır.
500 _ac.<c.4,451 s.>
504 _aDizin var.
600 _aÖzkan,M.Necati
_xSiyasal yaşam
650 _aDevlet adamları
_xYaşamöyküsü
_zKKTC
651 _aKıbrıs
_xSiyaset ve yönetim
700 _aÖzkan,Ahmet Necati
942 _2ddc
_cBKS
999 _c8606
_d8606